Lyrics to Love like you - Statistics

General Stats
  • This quiz has been taken 33 times
  • The average score is 139 of 152
Answer Stats
Hint Answer % Correct
Be
100%
Could
100%
How
100%
I
100%
Verse 1 | Verse 4 If
100%
Love
100%
Me
100%
Of
100%
Think
100%
To
100%
What
100%
You
100%
About
93%
And
93%
Anything
93%
Begin
93%
Do
93%
Even
93%
Half
93%
Learn
93%
Like
93%
Bad
87%
‘Cause
87%
Go
87%
Good
87%
I’m
87%
It
87%
It’s
87%
Just
87%
See
87%
So
87%
That
87%
The
87%
Thought
87%
When
87%
You’re
87%
Always
80%
At
80%
By
80%
Might
80%
Nothing
80%
Right
80%
Sure
80%
True
80%
Way
80%
Act
73%
Adore
73%
Back
73%
Coming
73%
Long
73%
Verse 3 Look
73%
Now
73%
Shaken
73%
Special
73%
Took
73%
Wish
73%
Wondering
73%
Would
73%
Does
67%
Know
67%
Makes
67%
Something
53%
No matching quizzes found
Score Distribution
Percent of People with Each Score
Percentile by Number Answered
Your Score History
You have not taken this quiz